MARC details
| 000 -CABECERA |
| campo de control de longitud fija |
01163nam a2200277 a 4500 |
| 001 - NÚMERO DE CONTROL |
| campo de control |
000049234 |
| 003 - IDENTIFICADOR DEL NÚMERO DE CONTROL |
| campo de control |
DO-SdBNP |
| 005 - FECHA Y HORA DE LA ÚLTIMA TRANSACCIÓN |
| campo de control |
20250227073855.0 |
| 008 - DATOS DE LONGITUD FIJA--INFORMACIÓN GENERAL |
| campo de control de longitud fija |
190731s2016 dr c r 000 0 spa d |
| 020 ## - NÚMERO INTERNACIONAL ESTÁNDAR DEL LIBRO |
| Número Internacional Estándar del Libro |
9789945582659 (Vol. 231) |
| 020 ## - NÚMERO INTERNACIONAL ESTÁNDAR DEL LIBRO |
| Número Internacional Estándar del Libro |
9789945443622 (serie) |
| 040 ## - FUENTE DE LA CATALOGACIÓN |
| Centro catalogador/agencia de origen |
DO-SdBNP |
| Lengua de catalogación |
spa |
| Centro/agencia transcriptor |
BNPHU |
| 082 ## - NÚMERO DE LA CLASIFICACIÓN DECIMAL DEWEY |
| Número de clasificación |
xxxx |
| Número de documento/Ítem |
E96t |
| 245 00 - MENCIÓN DE TÍTULO |
| Título |
Exposiciones temporales en el Museo Numismático y Filatélico / |
| Mención de responsabilidad, etc. |
edición José Alcántara Almánzar, Elvis Francis Soto. |
| 260 ## - PUBLICACIÓN, DISTRIBUCIÓN, ETC. |
| Lugar de publicación, distribución, etc. |
Santo Domingo : |
| Nombre del editor, distribuidor, etc. |
Banco Central de la República Dominicana, |
| Fecha de publicación, distribución, etc. |
2016. |
| 300 ## - DESCRIPCIÓN FÍSICA |
| Extensión |
316 p. : |
| Otras características físicas |
il., ; |
| Dimensiones |
23 cm. |
| 490 1# - MENCIÓN DE SERIE |
| Mención de serie |
Colección del Banco Central de la República Dominicana |
| Designación de volumen o secuencia |
249 |
| 490 1# - MENCIÓN DE SERIE |
| Mención de serie |
Numismática y filatélica |
| Designación de volumen o secuencia |
17 |
| 504 ## - NOTA DE BIBLIOGRAFÍA, ETC. |
| Nota de bibliografía, etc. |
Bibliografía : p. 291-294 |
| 590 ## - NOTA LOCAL (RLIN) |
| Nota local |
Inventariado,2019/BT |
| 610 20 - PUNTO DE ACCESO ADICIONAL DE MATERIA--NOMBRE DE ENTIDAD CORPORATIVA |
| Nombre de entidad corporativa o nombre de jurisdicción como elemento de entrada |
Museo Numismático y Filatélico del Banco Central (Banco Central de la República Dominicana) |
| 9 (RLIN) |
56846 |
| 700 1# - PUNTO DE ACCESO ADICIONAL--NOMBRE DE PERSONA |
| Nombre de persona |
Alcántara Almánzar, José |
| Fechas asociadas al nombre |
1946- |
| Término indicativo de función/relación |
ed. |
| 9 (RLIN) |
7018 |
| 700 1# - PUNTO DE ACCESO ADICIONAL--NOMBRE DE PERSONA |
| Nombre de persona |
Soto, Elvis Francis, |
| Término indicativo de función/relación |
ed. |
| 9 (RLIN) |
39156 |
| 830 #0 - PUNTO DE ACCESO ADICIONAL DE SERIE-TÍTULO UNIFORME |
| Título uniforme |
Colección del Banco Central de la República Dominicana |
| Número de parte o sección de la obra |
249 |
| Nombre de parte o sección de la obra |
Numismática y filatélica |
| Número de parte o sección de la obra |
17 |
| 9 (RLIN) |
76535 |
| 942 ## - ELEMENTOS DE PUNTO DE ACCESO ADICIONAL (KOHA) |
| Fuente del sistema de clasificación o colocación |
Dewey Decimal Classification |
| Tipo de ítem Koha |
Libro |